Zeugen der Geschichte : Gräber und Friedhöfe der ehemaligen deutschen Bevölkerung in der Tschechischen Republik und Möglichkeiten ihrer Bewahrung : Beiträge der gleichnamigen Tagung in Oberplan - Horní Planá vom 14. bis 16. Mai 2004 /

Korporativní autor: Adalbert-Stifter-Verein (Mnichov, Německo)
Další autoři: Svědkové dějin - hroby a hřbitovy někdejšího německého obyvatelstva v České republice a možnosti jejich zachování (konference), Knechtel, Anna
Jazyk: Němčina
Vydáno: München : Adalbert Stifter Verein, 2006
Témata:
Fyzický popis: 144 s. : il. ; 22 cm
Knihy
Uloženo v:
LEADER 01977nam a2200457 a 4500
001 001344992
003 CZ BrMZK
005 20131218064105.0
007 ta
008 131113s2006 gw a e 000 0 ger
020 |a 3-9808097-8-1  |q (brož.) 
040 |a BOA001  |b cze 
041 1 |a ger  |h cze 
043 |a e-xr--- 
072 7 |a 94(430/439)  |x Dějiny zemí střední Evropy  |2 Konspekt  |9 8 
080 |a 94(=112.2)  |2 MRF 
080 |a 718  |2 MRF 
080 |a 726.82  |2 MRF 
080 |a 7.025.3/.4  |2 MRF 
080 |a 94(437.3)  |2 MRF 
080 |a (430)  |2 MRF 
080 |a (062.534)  |2 MRF 
111 2 |a Svědkové dějin - hroby a hřbitovy někdejšího německého obyvatelstva v České republice a možnosti jejich zachování (konference)  |d (2004 :  |c Horní Planá, Česko)  |7 kn20061218020 
245 1 0 |a Zeugen der Geschichte :  |b Gräber und Friedhöfe der ehemaligen deutschen Bevölkerung in der Tschechischen Republik und Möglichkeiten ihrer Bewahrung : Beiträge der gleichnamigen Tagung in Oberplan - Horní Planá vom 14. bis 16. Mai 2004 /  |c herausgegeben von Anna Knechtel 
260 |a München :  |b Adalbert Stifter Verein,  |c 2006 
300 |a 144 s. :  |b il. ;  |c 22 cm 
500 |a Část. přeloženo z češtiny? 
504 |a Obsahuje bibliografické odkazy 
650 0 7 |a Němci  |7 ph117943  |z Česko  |2 czenas 
650 0 7 |a hřbitovy  |7 ph121017  |z Česko  |2 czenas 
650 0 7 |a hroby  |7 ph136983  |z Česko  |2 czenas 
650 0 7 |a ochrana památek  |7 ph135825  |z Česko  |2 czenas 
650 0 7 |a ochrana památek  |7 ph135825  |z Německo  |2 czenas 
655 7 |a sborníky konferencí  |7 fd133333  |2 czenas 
651 7 |a Sudety (Česko)  |7 ge128482  |x dějiny  |2 czenas 
700 1 |a Knechtel, Anna  |7 jx20070416014  |4 edt 
710 2 |a Adalbert-Stifter-Verein (Mnichov, Německo)  |7 ko2002150241 
910 |a BOA001  |b NK-0006.790 
990 |a BK 
991 |b 201312  |c NOV  |e n  |x 44 
996 7 |b 261D009014  |c NK-0006.790  |l Německá knihovna/2.patro  |r ZHR  |n 1  |p dar  |h G  |w 001380076  |u 000010  |a 0  |e BOA001  |j MZK50  |s A